Normal view
MARC view
- Advanced Mechanics of Materials
Entry Topical Term
001 - CONTROL NUMBER
- control field: 114234
003 - CONTROL NUMBER IDENTIFIER
- control field: NUST
005 - DATE AND TIME OF LATEST TRANSACTION
- control field: 20230821142624.0
008 - FIXED-LENGTH DATA ELEMENTS
- fixed length control field: 230821|| aca||aabn | a|a d
040 ## - CATALOGING SOURCE
- Original cataloging agency: NUST
- Transcribing agency: NUST
150 ## - HEADING--TOPICAL TERM
- Topical term or geographic name entry element: Advanced Mechanics of Materials
670 ## - SOURCE DATA FOUND
- Source citation: Work cat.: (NUST): Kumar, Kamal 114232, Advanced Mechanics of Materials, 2004.
